Aprendiendo de nuevo: formando promotores y promotoras comunales en desarrollo sostenible

Zapisane w:
Opis bibliograficzny
1. autor: Valverde, José Manuel
Korporacja: Fundación Promotora de Vivienda
Format: Texto
Wydane: San José: FUPROVI
Hasła przedmiotowe:
Etykiety: Dodaj etykietę
Nie ma etykietki, Dołącz pierwszą etykiete!

MARC

LEADER 00000 a a2200000 04500
001 28558
003
040
020 |a 9968-758-24-8  
090 |a 0004 F982a  
100 |a Valverde, José Manuel  
110 |a Fundación Promotora de Vivienda  
245 |a Aprendiendo de nuevo: formando promotores y promotoras comunales en desarrollo sostenible  
260 |a San José:   |b FUPROVI  
300 |a 58 p   |b il.  
650 |a DESARROLLO SOSTENIBLE  
650 |a EDUCACION AMBIENTAL  
650 |a GESTION DE PROGRAMAS  
650 |a EVALUACION DE PROGRAMAS  
650 |a PROGRAMAS GUBERNAMENTALES  
999 |c 1315  |d 1315